[Event "2 Bundesliga Ost 2007/2008"]
[Site "20 2110Bruck,3011 212Bade"]
[Date "2007.11.30"]
[Round "3"]
[Board "2"]
[White "Wagner, Stefan"]
[Black "Bachofner, Andreas"]
[Result "1/2-1/2"]
[WhiteElo "2103"]
[BlackElo "2246"]
[PlyCount "43"]
[EventDate "2007.10.20"]
[EventType "team"]
[EventRounds "11"]
[EventCountry "AUT"]
[WhiteTeam "SK Zwettl"]
[BlackTeam "Blackburne Nickelsdorf"]

1.e4 d5 2.exd5 Qxd5 3.Nc3 Qa5 4.d4 c6 5.Nf3 Nf6 6.Bc4 Bf5 7.Bd2 e6 8.Nd5 Qd8
9.Nxf6+ gxf6 10.Qe2 Nd7 11.O-O-O Qc7 12.Nh4 Bg6 13.Nxg6 hxg6 14.h4 O-O-O 15.h5
gxh5 16.Rxh5 Rxh5 17.Qxh5 Nb6 18.Bd3 Rxd4 19.Bc3 Qf4+ 20.Bd2 Qc7 21.Bc3 Qf4+
22.Bd2

[Event "2 Bundesliga Ost 2007/2008"]
[Site "20 2110Bruck,3011 212Bade"]
[Date "2007.11.30"]
[Round "3"]
[Board "3"]
[White "Koffler, Daniel"]
[Black "Hangweyrer, Roman"]
[Result "1-0"]
[WhiteElo "2213"]
[BlackElo "2143"]
[PlyCount "69"]
[EventDate "2007.10.20"]
[EventType "team"]
[EventRounds "11"]
[EventCountry "AUT"]
[WhiteTeam "Blackburne Nickelsdorf"]
[BlackTeam "SK Zwettl"]

1.e4 c5 2.Nf3 Nc6 3.d4 cxd4 4.Nxd4 g6 5.Nc3 Bg7 6.Be3 Nf6 7.Bc4 O-O 8.Bb3 a5
9.O-O Ng4 10.Qxg4 Nxd4 11.Qd1 Nxb3 12.axb3 Ra6 13.Qd2 d6 14.Bh6 Bxh6 15.Qxh6 Be6
16.Ra4 f6 17.Rd1 Qe8 18.Rda1 Qd8 19.Qd2 f5 20.Nd5 b6 21.Re1 Qd7 22.Nf4 Bf7 23.e5
b5 24.Rd4 Qc7 25.e6 Be8 26.Nd5 Qd8 27.Qh6 f4 28.Rxf4 Rxf4 29.Qxf4 Ra7 30.Re3 Bc6
31.Qf7+ Kh8 32.Nf6 exf6 33.e7 Qg8 34.Qxf6+ Qg7 35.e8=Q+

[Event "2 Bundesliga Ost 2007/2008"]
[Site "20 2110Bruck,3011 212Bade"]
[Date "2007.11.30"]
[Round "3"]
[Board "4"]
[White "Lipp, Alfred"]
[Black "Jirovec, Alfred"]
[Result "1/2-1/2"]
[WhiteElo "2144"]
[BlackElo "2112"]
[PlyCount "96"]
[EventDate "2007.10.20"]
[EventType "team"]
[EventRounds "11"]
[EventCountry "AUT"]
[WhiteTeam "SK Zwettl"]
[BlackTeam "Blackburne Nickelsdorf"]

1.e4 e6 2.d4 d5 3.Nd2 Nc6 4.Ngf3 Be7 5.c3 Nf6 6.Bd3 dxe4 7.Nxe4 Qd5 8.Qe2 Bd7
9.O-O Nxe4 10.Bxe4 Qh5 11.Bf4 Bd6 12.Qe3 O-O 13.h3 Kh8 14.Rad1 f6 15.Bxd6 cxd6
16.d5 Ne5 17.dxe6 Bxe6 18.b3 Rae8 19.Rxd6 Nf7 20.Rd4 f5 21.Bxb7 Bc8 22.Rh4 Qg6
23.Qxa7 Re7 24.Rb4 Nd6 25.Rd1 Bxb7 26.Nh4 Qf6 27.Qc5 Ne4 28.Qxf5 Qxf5 29.Nxf5
Ref7 30.Re1 Rxf5 31.Rxb7 Nxc3 32.Ree7 Rg8 33.a4 Nd5 34.Red7 Nf6 35.Rf7 Rd5 36.g4
Rd3 37.Kg2 Ne4 38.b4 Ng5 39.Rfe7 Nxh3 40.a5 Nf4+ 41.Kh2 Rgd8 42.Re3 R3d4 43.a6
Nd5 44.Rb3 h6 45.a7 Kh7 46.b5 Ra8 47.b6 Nxb6 48.R3xb6 Ra4

[Event "2 Bundesliga Ost 2007/2008"]
[Site "20 2110Bruck,3011 212Bade"]
[Date "2007.11.30"]
[Round "3"]
[Board "5"]
[White "Bachofner, Christian"]
[Black "Stadler, Peter"]
[Result "1/2-1/2"]
[WhiteElo "2098"]
[BlackElo "2103"]
[PlyCount "57"]
[EventDate "2007.10.20"]
[EventType "team"]
[EventRounds "11"]
[EventCountry "AUT"]
[WhiteTeam "Blackburne Nickelsdorf"]
[BlackTeam "SK Zwettl"]

1.e4 c5 2.Nf3 e6 3.d4 cxd4 4.Nxd4 Nf6 5.Bd3 a6 6.c4 Be7 7.Nc3 d6 8.O-O Qc7 9.Be3
Nbd7 10.f4 b6 11.Rc1 Bb7 12.f5 e5 13.Nd5 Qd8 14.Nf3 Rc8 15.Qb3 Rc6 16.Nb4 Rc8
17.Nd5 Rc6 18.a4 a5 19.Qd1 O-O 20.h3 Nc5 21.Bxc5 Rxc5 22.Qd2 Bxd5 23.cxd5 Nd7
24.Bb5 Rxc1 25.Rxc1 Nc5 26.Qe2 Bg5 27.Rc4 Qf6 28.Bc6 Qh6 29.Nxg5

[Event "2 Bundesliga Ost 2007/2008"]
[Site "20 2110Bruck,3011 212Bade"]
[Date "2007.11.30"]
[Round "3"]
[Board "6"]
[White "Prager, Manfred"]
[Black "Steinert, Martin"]
[Result "1-0"]
[WhiteElo "2043"]
[BlackElo "2046"]
[PlyCount "93"]
[EventDate "2007.10.20"]
[EventType "team"]
[EventRounds "11"]
[EventCountry "AUT"]
[WhiteTeam "SK Zwettl"]
[BlackTeam "Blackburne Nickelsdorf"]

1.e4 c5 2.Nf3 d6 3.d4 cxd4 4.Nxd4 Nf6 5.Nc3 a6 6.Be2 e6 7.Be3 Be7 8.O-O O-O
9.Kh1 b5 10.a3 Bb7 11.Bd3 Nc6 12.Nxc6 Bxc6 13.f4 e5 14.Qf3 Re8 15.Rad1 Qc8
16.fxe5 dxe5 17.Nd5 Bxd5 18.exd5 e4 19.Bxe4 Nxe4 20.Qxe4 Bc5 21.Qf3 Bxe3
22.Qxf7+ Kh8 23.d6 Qd8 24.d7 Rg8 25.Rfe1 Bg5 26.Rd6 Qf8 27.Qd5 h6 28.Rde6 Rd8
29.Re8 Rxe8 30.dxe8=Q Qxe8 31.Rxe8 Rxe8 32.g3 Re1+ 33.Kg2 Re2+ 34.Kh3 Bf6 35.b3
Re5 36.Qa8+ Kh7 37.Qxa6 h5 38.Qb7 Kh6 39.Qf3 Kg6 40.Qd3+ Kf7 41.c4 g5 42.Qh7+
Ke6 43.Qxh5 bxc4 44.Qg4+ Kf7 45.Qxc4+ Kg6 46.Qd3+ Kh6 47.a4

[Event "2 Bundesliga Ost 2007/2008"]
[Site "20 2110Bruck,3011 212Bade"]
[Date "2007.11.30"]
[Round "3"]
[Board "1"]
[White "Kleiser, Gregor"]
[Black "Varga, Zoltan"]
[Result "0-1"]
[WhiteElo "2323"]
[BlackElo "2506"]
[PlyCount "69"]
[EventDate "2007.10.20"]
[EventType "team"]
[EventRounds "11"]
[EventCountry "AUT"]
[WhiteTeam "SV Tschaturanga Neubau"]
[BlackTeam "ASVOe SK Lackenbach"]

1.d4 d5 2.c4 dxc4 3.Nf3 c6 4.e4 b5 5.a4 Nf6 6.e5 Nd5 7.Nc3 e6 8.Be2 Bb7 9.Bg5
Be7 10.Ne4 O-O 11.Qb1 f6 12.exf6 gxf6 13.h4 Nd7 14.Bh6 Bb4+ 15.Kf1 Rf7 16.Nfg5
fxg5 17.hxg5 Nf4 18.Bh5 Qe7 19.g6 Nxg6 20.Bxg6 hxg6 21.Nd6 Qf6 22.Nxf7 Qxf7
23.Rh4 Qf5 24.Qc1 Be7 25.Rh3 c5 26.Raa3 cxd4 27.Rag3 Ne5 28.axb5 Rd8 29.Qd1 c3
30.Bc1 d3 31.bxc3 d2 32.Bxd2 Nc4 33.Kg1 Rxd2 34.Qf1 Bc5 35.Rf3

[Event "2 Bundesliga Ost 2007/2008"]
[Site "20 2110Bruck,3011 212Bade"]
[Date "2007.11.30"]
[Round "3"]
[Board "2"]
[White "Hagara, Eduard"]
[Black "Wukits, Rene"]
[Result "1/2-1/2"]
[WhiteElo "2372"]
[BlackElo "2302"]
[PlyCount "77"]
[EventDate "2007.10.20"]
[EventType "team"]
[EventRounds "11"]
[EventCountry "AUT"]
[WhiteTeam "ASVOe SK Lackenbach"]
[BlackTeam "SV Tschaturanga Neubau"]

1.e4 c5 2.Nf3 d6 3.d4 cxd4 4.Nxd4 Nf6 5.Nc3 g6 6.Bc4 Bg7 7.O-O O-O 8.Re1 Nc6
9.Bb3 Qa5 10.Ndb5 a6 11.Na3 b5 12.Nd5 e6 13.Nxf6+ Bxf6 14.c3 Rd8 15.Qf3 Be7
16.Qg3 Bb7 17.Nc2 Qc7 18.Ne3 Ne5 19.Bc2 b4 20.f4 Nc4 21.Nxc4 Qxc4 22.Bb3 Qc5+
23.Be3 Qh5 24.Bf2 bxc3 25.bxc3 Rac8 26.Rab1 Ba8 27.f5 exf5 28.exf5 Qxf5 29.Bd4
Qg5 30.Rxe7 Qxe7 31.Re1 Qb7 32.Rf1 Rf8 33.Rf6 Qe4 34.h3 Rc5 35.Rf4 Qb1+ 36.Rf1
Qe4 37.Rf4 Qb1+ 38.Rf1 Qe4 39.Rf4

[Event "2 Bundesliga Ost 2007/2008"]
[Site "20 2110Bruck,3011 212Bade"]
[Date "2007.11.30"]
[Round "3"]
[Board "3"]
[White "Wallner, Alfred"]
[Black "Vass, Frantisek"]
[Result "1-0"]
[WhiteElo "2256"]
[BlackElo "2417"]
[PlyCount "73"]
[EventDate "2007.10.20"]
[EventType "team"]
[EventRounds "11"]
[EventCountry "AUT"]
[WhiteTeam "SV Tschaturanga Neubau"]
[BlackTeam "ASVOe SK Lackenbach"]

1.e4 d5 2.exd5 Qxd5 3.Nc3 Qa5 4.d4 Nf6 5.Nf3 Bg4 6.h3 Bh5 7.g4 Bg6 8.Ne5 c6
9.Bg2 e6 10.h4 Be4 11.Bxe4 Nxe4 12.Qf3 Nd6 13.Bf4 Be7 14.O-O-O Rf8 15.Kb1 Qb6
16.Ne4 Nxe4 17.Qxe4 g6 18.Bh6 Rg8 19.Rhe1 Na6 20.Nxf7 Nc7 21.Ng5 Ba3 22.b3 O-O-O
23.c4 Rge8 24.Nf7 Rd7 25.Ne5 Rdd8 26.Be3 Bb4 27.Rh1 a5 28.Nd3 Bf8 29.Nb2 Rd7
30.h5 gxh5 31.Rxh5 Ree7 32.Qe5 Bg7 33.Qxa5 Qxa5 34.Rxa5 b5 35.a4 c5 36.dxc5 Bc3
37.Ra7

[Event "2 Bundesliga Ost 2007/2008"]
[Site "20 2110Bruck,3011 212Bade"]
[Date "2007.11.30"]
[Round "3"]
[Board "4"]
[White "Vavrak, Peter"]
[Black "Schwaninger, Wolfgang"]
[Result "1-0"]
[WhiteElo "2454"]
[BlackElo "2175"]
[PlyCount "69"]
[EventDate "2007.10.20"]
[EventType "team"]
[EventRounds "11"]
[EventCountry "AUT"]
[WhiteTeam "ASVOe SK Lackenbach"]
[BlackTeam "SV Tschaturanga Neubau"]

1.d4 d6 2.c4 g6 3.Nf3 Bg7 4.g3 c6 5.Bg2 Nf6 6.O-O O-O 7.Nc3 Nbd7 8.e4 e5 9.h3
Qe7 10.Re1 Re8 11.Be3 Nf8 12.Qd2 b6 13.a4 Ba6 14.b3 Rad8 15.d5 cxd5 16.exd5 N8d7
17.Bg5 Nc5 18.Ra3 Qc7 19.Rea1 Rb8 20.Ne1 Bc8 21.b4 Nb7 22.Nb5 Qd7 23.Nxa7 Na5
24.Nc6 Nxc6 25.dxc6 Qc7 26.Nc2 Bf5 27.Bxf6 Bxf6 28.Ne3 Bg5 29.b5 Be6 30.Qb4 d5
31.cxd5 Be7 32.Qc3 Bxa3 33.Qxa3 Bf5 34.d6 Qa7 35.Nxf5

[Event "2 Bundesliga Ost 2007/2008"]
[Site "20 2110Bruck,3011 212Bade"]
[Date "2007.11.30"]
[Round "3"]
[Board "6"]
[White "Galavics, Hermann"]
[Black "Ponjican, Erich"]
[Result "0-1"]
[WhiteElo "2041"]
[BlackElo "2191"]
[PlyCount "128"]
[EventDate "2007.10.20"]
[EventType "team"]
[EventRounds "11"]
[EventCountry "AUT"]
[WhiteTeam "ASVOe SK Lackenbach"]
[BlackTeam "SV Tschaturanga Neubau"]

1.d4 d5 2.c4 e6 3.Nc3 c6 4.Nf3 Nd7 5.e3 Ngf6 6.Qc2 Bd6 7.Bd3 O-O 8.Bd2 dxc4
9.Bxc4 e5 10.O-O Qe7 11.Bd3 Re8 12.Ne4 Nxe4 13.Bxe4 g6 14.dxe5 Nxe5 15.Bc3 Nd7
16.Bd3 Nc5 17.h3 Be6 18.Rfd1 Nxd3 19.Qxd3 Rad8 20.Qe2 Bd5 21.Rd2 Bb8 22.b3 Qc7
23.Rad1 Re6 24.Rd4 Rde8 25.R1d2 Qe7 26.Qd1 Rxe3 27.fxe3 Qxe3+ 28.Kf1 Qxc3 29.Qc2
Qa5 30.Re2 Qd8 31.Rxe8+ Qxe8 32.Qe2 Qd8 33.Qd2 Bc7 34.Qg5 Qd6 35.Qd2 Bb6 36.Rd3
Qf6 37.Qe2 Qf5 38.Qe8+ Kg7 39.Qe5+ Qxe5 40.Nxe5 h5 41.Nf3 Kf6 42.Ke2 g5 43.g3
Kf5 44.Ne1 a5 45.Nc2 Ke4 46.Ne3 Be6 47.Nc4 Bc7 48.Nd2+ Ke5 49.Nf3+ Kf6 50.h4 g4
51.Nd2 Bd5 52.Nc4 b5 53.Ne3 Be4 54.Rc3 Ke6 55.Nf1 f5 56.Ke3 Ke5 57.Nd2 Bb6+
58.Ke2 Bd5 59.a4 f4 60.gxf4+ Kxf4 61.axb5 cxb5 62.Nf1 Bd4 63.Rd3 Bf3+ 64.Kd2 Bf6

[Event "2 Bundesliga Ost 2007/2008"]
[Site "20 2110Bruck,3011 212Bade"]
[Date "2007.11.30"]
[Round "3"]
[Board "1"]
[White "Polak, Thomas"]
[Black "Sulyok, Michael"]
[Result "1-0"]
[WhiteElo "2540"]
[BlackElo "2255"]
[PlyCount "65"]
[EventDate "2007.10.20"]
[EventType "team"]
[EventRounds "11"]
[EventCountry "AUT"]
[WhiteTeam "SV Stockerau"]
[BlackTeam "SK Advisory Invest Baden"]

1.d4 f5 2.Bg5 g6 3.Nd2 Bg7 4.e4 fxe4 5.Nxe4 d5 6.Nc5 b6 7.Nb3 Nf6 8.Nf3 O-O
9.Be2 Bb7 10.O-O Qd6 11.c4 Nbd7 12.Rc1 Ne4 13.Be3 dxc4 14.Bxc4+ Kh8 15.Re1 e5
16.Bb5 Nef6 17.Nbd2 exd4 18.Bxd4 Rad8 19.Qb3 c5 20.Bc3 Qf4 21.Qe6 Bd5 22.Qh3 Qd6
23.Nc4 Qc7 24.Re7 Bxf3 25.gxf3 Qf4 26.Rce1 a6 27.Bxa6 Nb8 28.Bb5 Nc6 29.Bxc6
Qxc4 30.Be4 Kg8 31.Ra7 Nh5 32.Qxh5 Qxc3 33.Qd5+

[Event "2 Bundesliga Ost 2007/2008"]
[Site "20 2110Bruck,3011 212Bade"]
[Date "2007.11.30"]
[Round "3"]
[Board "2"]
[White "Miniboeck, Guenter"]
[Black "Chytilek, Roman"]
[Result "1/2-1/2"]
[WhiteElo "2355"]
[BlackElo "2384"]
[PlyCount "84"]
[EventDate "2007.10.20"]
[EventType "team"]
[EventRounds "11"]
[EventCountry "AUT"]
[WhiteTeam "SK Advisory Invest Baden"]
[BlackTeam "SV Stockerau"]

1.d4 Nf6 2.c4 g6 3.Nc3 Bg7 4.e4 d6 5.f3 O-O 6.Be3 Nbd7 7.Qd2 c5 8.d5 a6 9.Nh3
Ne5 10.Nf2 e6 11.a4 exd5 12.cxd5 h5 13.Be2 Nh7 14.O-O f5 15.h3 h4 16.Rae1 Rb8
17.f4 Nd7 18.Bd3 Kh8 19.Qc2 Qf6 20.exf5 gxf5 21.Bc1 Nb6 22.a5 Na8 23.Na4 Bd7
24.b3 Rbe8 25.Bb2 Qf7 26.Bxg7+ Kxg7 27.Nc3 Nc7 28.Nfd1 Qf6 29.Kh2 Qd4 30.Rxe8
Nxe8 31.Qe2 Nef6 32.Qf3 Re8 33.Bc4 Ne4 34.Ne2 Qd2 35.Qh5 Nhf6 36.Qxh4 Ng4+
37.Kg1 Ne3 38.Nxe3 Qxe3+ 39.Kh2 Nd2 40.Qg5+ Kf7 41.Qh5+ Kg7 42.Qg5+ Kf7

[Event "2 Bundesliga Ost 2007/2008"]
[Site "20 2110Bruck,3011 212Bade"]
[Date "2007.11.30"]
[Round "3"]
[Board "3"]
[White "Batyte, Daiva"]
[Black "Schneider Zinner, Harald"]
[Result "0-1"]
[WhiteElo "2198"]
[BlackElo "2330"]
[PlyCount "48"]
[EventDate "2007.10.20"]
[EventType "team"]
[EventRounds "11"]
[EventCountry "AUT"]
[WhiteTeam "SV Stockerau"]
[BlackTeam "SK Advisory Invest Baden"]

1.Nf3 Nf6 2.c4 e6 3.Nc3 b6 4.e4 Bb7 5.d3 c5 6.e5 Ng8 7.Bg5 Be7 8.Nb5 f6 9.exf6
Nxf6 10.Bxf6 gxf6 11.d4 cxd4 12.Qxd4 Bxf3 13.gxf3 Bb4+ 14.Ke2 Nc6 15.Qg4 a6
16.Rg1 axb5 17.cxb5 Qc7 18.bxc6 Qe5+ 19.Kd3 Qxb2 20.cxd7+ Ke7 21.Qg7+ Kd6 22.Rd1
Ra5 23.Ke3+ Kc6 24.f4 Bc5+

[Event "2 Bundesliga Ost 2007/2008"]
[Site "20 2110Bruck,3011 212Bade"]
[Date "2007.11.30"]
[Round "3"]
[Board "4"]
[White "Brandner, Stefan"]
[Black "Schmid, Thomas"]
[Result "1/2-1/2"]
[WhiteElo "2318"]
[BlackElo "2181"]
[PlyCount "51"]
[EventDate "2007.10.20"]
[EventType "team"]
[EventRounds "11"]
[EventCountry "AUT"]
[WhiteTeam "SK Advisory Invest Baden"]
[BlackTeam "SV Stockerau"]

1.e4 c5 2.Nf3 d6 3.Bb5+ Bd7 4.Bxd7+ Nxd7 5.O-O Ngf6 6.Re1 e6 7.c3 Be7 8.d4 cxd4
9.cxd4 d5 10.e5 Ne4 11.Nbd2 Nxd2 12.Bxd2 O-O 13.Rc1 Qb6 14.Qc2 Nb8 15.Bg5 Nc6
16.Qd3 Qd8 17.h4 h6 18.Bxe7 Qxe7 19.Rc5 Rac8 20.Qc3 Qd7 21.Rc1 Rfd8 22.b4 Ne7
23.Rc7 Rxc7 24.Qxc7 Nc6 25.Qxd7 Rxd7 26.b5

[Event "2 Bundesliga Ost 2007/2008"]
[Site "20 2110Bruck,3011 212Bade"]
[Date "2007.11.30"]
[Round "3"]
[Board "5"]
[White "Schirmbeck, Hannes"]
[Black "Geismann, Bernhard"]
[Result "1/2-1/2"]
[WhiteElo "2162"]
[BlackElo "2099"]
[PlyCount "63"]
[EventDate "2007.10.20"]
[EventType "team"]
[EventRounds "11"]
[EventCountry "AUT"]
[WhiteTeam "SV Stockerau"]
[BlackTeam "SK Advisory Invest Baden"]

1.e4 e5 2.Nf3 Nc6 3.Bc4 Bc5 4.d3 Nf6 5.O-O a6 6.Bg5 h6 7.Bh4 g5 8.Bg3 d6 9.c3
Bg4 10.Na3 Qd7 11.Rb1 Na5 12.b4 Nxc4 13.Nxc4 Ba7 14.Re1 O-O 15.Ne3 Bxe3 16.Rxe3
Nh5 17.Qd2 Bxf3 18.Rxf3 f5 19.exf5 Rxf5 20.Qe2 Nf4 21.Bxf4 exf4 22.Rh3 Re8
23.Qh5 Qe6 24.Rf1 Rf6 25.d4 Qe2 26.Rf3 Re7 27.a4 Rg7 28.h3 Kh7 29.Qg4 Qe6 30.Rd3
Qxg4 31.hxg4 Re7 32.Rfd1

[Event "2 Bundesliga Ost 2007/2008"]
[Site "20 2110Bruck,3011 212Bade"]
[Date "2007.11.30"]
[Round "3"]
[Board "1"]
[White "Papp, Gabor"]
[Black "Videki, Sandor"]
[Result "0-1"]
[WhiteElo "2489"]
[BlackElo "2420"]
[PlyCount "46"]
[EventDate "2007.10.20"]
[EventType "team"]
[EventRounds "11"]
[EventCountry "AUT"]
[WhiteTeam "ASVOe SK Mattersburg"]
[BlackTeam "SPG Data Technology Eichgraben/P"]

1.e4 c5 2.b3 d6 3.Bb2 Nf6 4.Nc3 Nbd7 5.f4 g6 6.Nf3 Bg7 7.e5 Nh5 8.exd6 O-O 9.g3
exd6 10.Be2 d5 11.d3 d4 12.Ne4 Nhf6 13.Qd2 Re8 14.O-O-O Nd5 15.h4 Nc3 16.Rde1
Rxe4 17.dxe4 Nxe4 18.Qd3 Nf2 19.Qc4 Nxh1 20.Rxh1 Qe7 21.Ba3 Nb6 22.Qxc5 Qe3+
23.Kb1 Bg4

[Event "2 Bundesliga Ost 2007/2008"]
[Site "20 2110Bruck,3011 212Bade"]
[Date "2007.11.30"]
[Round "3"]
[Board "2"]
[White "Ganaus, Hannes"]
[Black "Petran, Peter"]
[Result "1/2-1/2"]
[WhiteElo "2294"]
[BlackElo "2360"]
[PlyCount "175"]
[EventDate "2007.10.20"]
[EventType "team"]
[EventRounds "11"]
[EventCountry "AUT"]
[WhiteTeam "SPG Data Technology Eichgraben/P"]
[BlackTeam "ASVOe SK Mattersburg"]

1.d4 f5 2.c4 g6 3.Nc3 Bg7 4.h4 d6 5.h5 c6 6.Nf3 Nf6 7.h6 Bf8 8.Qc2 Na6 9.a3 Nc7
10.Bg5 e6 11.e4 fxe4 12.Nxe4 Be7 13.Ng3 Ng4 14.Bd2 O-O 15.Bd3 Qe8 16.O-O e5
17.Rae1 Ne6 18.dxe5 Rxf3 19.gxf3 Nxe5 20.Be2 Qf8 21.Qe4 Nc5 22.Qe3 Bh3 23.f4 Nf7
24.f5 Bxf1 25.Bxf1 Bg5 26.f4 Bh4 27.b4 Na4 28.c5 d5 29.Kg2 Nxh6 30.Qe6+ Qf7
31.fxg6 hxg6 32.Qh3 Bxg3 33.Qxg3 Nf5 34.Qg5 Re8 35.Rxe8+ Qxe8 36.Bd3 Qe6 37.Qd8+
Kf7 38.Qc7+ Qe7 39.Qc8 Nh4+ 40.Kf2 Nb2 41.Be2 Nc4 42.Bxc4 dxc4 43.Bc3 Nf5 44.Be5
Qh4+ 45.Ke2 Qh2+ 46.Ke1 Qg1+ 47.Ke2 Qe3+ 48.Kf1 Ne7 49.Qh8 Qxa3 50.Qf6+ Ke8
51.Bc3 Qc1+ 52.Kf2 Qc2+ 53.Kg1 Qf5 54.Qh8+ Kd7 55.Qd4+ Qd5 56.Qg7 Qe6 57.Kf2 Qe4
58.Kg3 a5 59.bxa5 Qe3+ 60.Kg4 Qxc5 61.Bf6 c3 62.Bxc3 Qf5+ 63.Kg3 Ke6 64.Qd4 c5
65.Qe3+ Kd7 66.Be5 Qc2 67.Qf3 Kc8 68.a6 bxa6 69.Qa8+ Kd7 70.Qxa6 c4 71.Qb5+ Ke6
72.Qb6+ Kf7 73.Qc7 Qd3+ 74.Kh4 Ke8 75.Qb8+ Kf7 76.Qb7 Ke8 77.Qb8+ Qd8 78.Qb5+
Nc6+ 79.Kg3 Qd3+ 80.Kh4 Qe4 81.Kg5 Kd7 82.Kf6 Ke8 83.Qa6 Kd8 84.Qb6+ Ke8 85.Qb5
Qf5+ 86.Kg7 Qf7+ 87.Kh6 Qe6 88.Kg7

[Event "2 Bundesliga Ost 2007/2008"]
[Site "20 2110Bruck,3011 212Bade"]
[Date "2007.11.30"]
[Round "3"]
[Board "3"]
[White "Brod, Manfred"]
[Black "Neumeier, Klaus"]
[Result "1/2-1/2"]
[WhiteElo "2198"]
[BlackElo "2273"]
[PlyCount "38"]
[EventDate "2007.10.20"]
[EventType "team"]
[EventRounds "11"]
[EventCountry "AUT"]
[WhiteTeam "ASVOe SK Mattersburg"]
[BlackTeam "SPG Data Technology Eichgraben/P"]

1.e4 e5 2.Nf3 Nc6 3.d4 exd4 4.Nxd4 Nf6 5.Nxc6 bxc6 6.Bd3 d5 7.exd5 cxd5 8.O-O
Be7 9.Nc3 O-O 10.Bg5 c6 11.h3 Re8 12.Re1 h6 13.Bf4 Nh7 14.Qh5 Ng5 15.h4 Ne6
16.Bxh6 Bxh4 17.Bxg7 Bxf2+ 18.Kxf2 Qb6+ 19.Kf1 Kxg7

[Event "2 Bundesliga Ost 2007/2008"]
[Site "20 2110Bruck,3011 212Bade"]
[Date "2007.11.30"]
[Round "3"]
[Board "4"]
[White "Weissenbeck, Manuel"]
[Black "Riedner, Martin"]
[Result "1-0"]
[WhiteElo "2264"]
[BlackElo "2190"]
[PlyCount "73"]
[EventDate "2007.10.20"]
[EventType "team"]
[EventRounds "11"]
[EventCountry "AUT"]
[WhiteTeam "SPG Data Technology Eichgraben/P"]
[BlackTeam "ASVOe SK Mattersburg"]

1.d4 Nf6 2.Nf3 c5 3.e3 e6 4.Bd3 b6 5.O-O Bb7 6.b3 Be7 7.Bb2 cxd4 8.exd4 Qc7
9.Nbd2 d6 10.Rc1 Nbd7 11.Re1 Rc8 12.c4 O-O 13.Bb1 Rfe8 14.Ng5 h6 15.Ngf3 Bf8
16.Nf1 Qb8 17.Ne3 g6 18.Nd2 Qa8 19.f3 Bg7 20.Qe2 e5 21.d5 Nh5 22.Ne4 Nf4 23.Qf1
Qb8 24.g3 Nh5 25.Qh3 f5 26.Nf2 Ndf6 27.Nxf5 gxf5 28.Bxf5 e4 29.fxe4 Re7 30.e5
dxe5 31.Bxe5 Rxe5 32.Rxe5 Rxc4 33.Rce1 Rc3 34.Bg6 Nf4 35.Qf5 Nxg6 36.Qxg6 Rc8
37.Re7

[Event "2 Bundesliga Ost 2007/2008"]
[Site "20 2110Bruck,3011 212Bade"]
[Date "2007.11.30"]
[Round "3"]
[Board "5"]
[White "Salamon, Werner"]
[Black "Pichler, Michael"]
[Result "1/2-1/2"]
[WhiteElo "2147"]
[BlackElo "2170"]
[PlyCount "34"]
[EventDate "2007.10.20"]
[EventType "team"]
[EventRounds "11"]
[EventCountry "AUT"]
[WhiteTeam "ASVOe SK Mattersburg"]
[BlackTeam "SPG Data Technology Eichgraben/P"]

1.e4 e6 2.d4 d5 3.exd5 exd5 4.Bd3 Nc6 5.c3 Bd6 6.Nf3 Nge7 7.O-O Bg4 8.Re1 Qd7
9.Nbd2 O-O-O 10.Qa4 Kb8 11.b3 f6 12.Ba3 Bf5 13.Bxd6 Qxd6 14.Bxf5 Nxf5 15.b4 g5
16.Qc2 Nce7 17.Nb3 g4

[Event "2 Bundesliga Ost 2007/2008"]
[Site "20 2110Bruck,3011 212Bade"]
[Date "2007.11.30"]
[Round "3"]
[Board "6"]
[White "Hechl, Gerald"]
[Black "Wutzlhofer, Robert"]
[Result "1-0"]
[WhiteElo "2197"]
[BlackElo "2063"]
[PlyCount "115"]
[EventDate "2007.10.20"]
[EventType "team"]
[EventRounds "11"]
[EventCountry "AUT"]
[WhiteTeam "SPG Data Technology Eichgraben/P"]
[BlackTeam "ASVOe SK Mattersburg"]

1.e4 c5 2.a3 d6 3.b4 cxb4 4.axb4 Nf6 5.Nc3 g6 6.Bb2 Bg7 7.d4 O-O 8.Be2 h5 9.h3
Qb6 10.b5 e5 11.dxe5 dxe5 12.Nf3 Rd8 13.Qb1 Nbd7 14.O-O Nc5 15.Nxe5 Nfxe4
16.Nxe4 Nxe4 17.Nc4 Qxb5 18.Ra5 Qb4 19.Bxg7 Qxb1 20.Rxb1 Kxg7 21.Bd3 Nc3 22.Rb3
Nd5 23.Be4 Be6 24.Rxb7 Nc3 25.Bd3 Rac8 26.Ne5 Kf6 27.Rbxa7 Rd5 28.Nf3 Rxa5
29.Rxa5 Nd5 30.Ra4 Rc3 31.Nd2 Rc7 32.h4 Bf5 33.Ne4+ Bxe4 34.Rxe4 Ne7 35.Rf4+ Kg7
36.Bc4 Nf5 37.Bb3 f6 38.g3 Rd7 39.Rb4 Nh6 40.Be6 Re7 41.Rb6 Rc7 42.c4 Nf7 43.f4
g5 44.Kf2 Nd8 45.Bd5 gxh4 46.gxh4 Nf7 47.Ke3 Nh6 48.Be6 Kf8 49.Kd4 Ke7 50.c5 f5
51.Bd5 Ng4 52.Re6+ Kd8 53.Bc6 Re7 54.Bd5 Ra7 55.c6 Ra1 56.Kc5 Nf2 57.Kd6 Rc1
58.Rh6

[Event "2 Bundesliga Ost 2007/2008"]
[Site "20 2110Bruck,3011 212Bade"]
[Date "2007.11.30"]
[Round "3"]
[Board "1"]
[White "Beckhuis, Gernod"]
[Black "Timoscenko, Gennadij"]
[Result "1-0"]
[WhiteElo "2350"]
[BlackElo "2487"]
[PlyCount "83"]
[EventDate "2007.10.20"]
[EventType "team"]
[EventRounds "11"]
[EventCountry "AUT"]
[WhiteTeam "Austria Wien"]
[BlackTeam "1 Wr NeustAedter SV"]

1.e4 e5 2.Nf3 Nc6 3.Bb5 a6 4.Ba4 Nf6 5.O-O Be7 6.Re1 b5 7.Bb3 d6 8.c3 O-O 9.h3
Na5 10.Bc2 c5 11.d4 Qc7 12.Nbd2 cxd4 13.cxd4 Nc6 14.Nb3 a5 15.Be3 a4 16.Nbd2 Bd7
17.Rc1 Qb7 18.Qe2 Rfe8 19.Bd3 Rab8 20.dxe5 Nxe5 21.Nxe5 dxe5 22.Bc5 Bc6 23.Nf3
Bxc5 24.Rxc5 Nd7 25.Rc3 h6 26.Rec1 Re6 27.Qe3 Qb6 28.Qxb6 Rxb6 29.Kf1 f6 30.Nh4
Nf8 31.Nf5 Kf7 32.a3 h5 33.Bb1 b4 34.axb4 g6 35.Ba2 Bd7 36.Rc7 Rxb4 37.Rd1 Rxb2
38.Rdxd7+ Nxd7 39.Rxd7+ Ke8 40.Bxe6 gxf5 41.exf5 a3 42.Ra7

[Event "2 Bundesliga Ost 2007/2008"]
[Site "20 2110Bruck,3011 212Bade"]
[Date "2007.11.30"]
[Round "3"]
[Board "3"]
[White "Staudner, Oliver"]
[Black "Steiner, Bruno"]
[Result "1-0"]
[WhiteElo "2404"]
[BlackElo "2247"]
[PlyCount "79"]
[EventDate "2007.10.20"]
[EventType "team"]
[EventRounds "11"]
[EventCountry "AUT"]
[WhiteTeam "Austria Wien"]
[BlackTeam "1 Wr NeustAedter SV"]

1.e4 c5 2.c3 Nf6 3.e5 Nd5 4.Nf3 e6 5.d4 cxd4 6.cxd4 d6 7.Bc4 Nc6 8.Qe2 Be7 9.O-O
O-O 10.Rd1 Na5 11.b3 Nxc4 12.bxc4 Nb4 13.Nc3 dxe5 14.Nxe5 Nc6 15.Bf4 Qa5 16.Nb5
a6 17.Nxc6 bxc6 18.Bc7 Qa4 19.Nc3 Qb4 20.Rab1 Qxc3 21.Rb3 Qxb3 22.axb3 Bf6
23.Qd2 Ra7 24.Qa5 Rb7 25.b4 h6 26.h3 Be7 27.Rb1 Re8 28.Be5 Rd8 29.Qxa6 f6 30.Bg3
Rxb4 31.Qa2 Rxb1+ 32.Qxb1 Ba6 33.Qa2 Bc8 34.Bc7 Rf8 35.Qa4 c5 36.d5 exd5 37.cxd5
Kf7 38.Qc6 Bf5 39.g4 Be4 40.Qe6+

[Event "2 Bundesliga Ost 2007/2008"]
[Site "20 2110Bruck,3011 212Bade"]
[Date "2007.11.30"]
[Round "3"]
[Board "5"]
[White "Kwatschewsky, Leo"]
[Black "Todor, Razvan"]
[Result "1/2-1/2"]
[WhiteElo "2216"]
[BlackElo "2198"]
[PlyCount "25"]
[EventDate "2007.10.20"]
[EventType "team"]
[EventRounds "11"]
[EventCountry "AUT"]
[WhiteTeam "Austria Wien"]
[BlackTeam "1 Wr NeustAedter SV"]

1.d4 d6 2.e4 Nf6 3.Nc3 e5 4.Nf3 Nbd7 5.Bc4 h6 6.O-O Be7 7.Qe2 c6 8.a4 Qc7 9.h3
Nf8 10.Be3 g5 11.Nh2 Ng6 12.Qd2 Bd7 13.Rfb1